| 000 | 01100nam a22002417a 4500 | ||
|---|---|---|---|
| 005 | 20210325205338.0 | ||
| 008 | s2553 th tha d | ||
| 020 | _a9786169080213 | ||
| 041 | _atha | ||
| 050 | _aDS586 ก152ว 2553 | ||
| 100 | 0 | _aกรกช เพียงใจ | |
| 245 | 1 | 0 | _aวีรชน 10 เมษา : คนที่ตายมีใบหน้า คนที่ถูกฆ่ามีชีวิต |
| 260 | 3 |
_aกรุงเทพฯ : _bอ่าน, _c2553 |
|
| 300 |
_a192 หน้า : _b ภาพประกอบ ; _c 26 ซม. |
||
| 650 | 0 | 4 | _aการชุมนุมประท้วง -- ไทย -- 2553 |
| 650 | 0 | 4 | _aเหตุการณ์ 10 เมษายน 2553 |
| 650 | 0 | 4 | _aไทย -- การเมืองและการปกครอง -- 2553 |
| 850 | _aNALT | ||
| 942 | _cGB | ||
| 997 | _a38989 ฉ.1 / 38990 ฉ.2 / 38991 ฉ.3 | ||
| 997 | _c000000000063299 | ||
| 998 | _aนางสาวเบญจลักษณ์ สุทธิวิไล | ||
| 999 |
_c63299 _d63299 |
||